000 00559nam a22002057a 4500
003 BD-DhJNU
005 20250210091309.0
008 250210b |||||||| |||| 00| 0 eng d
020 _a9788125020233
020 _a8125020233
040 _aBD-DhJNU
_bENG
_cBD-DhJNU
_dBD-DhJNU
082 _223
_a700.1
100 _aPowell, Jim
245 _aPostmodernism for beginners /
_cJim Powell
260 _aDelhi :
_bOrient Blackswan,
_c2008.
300 _a163 p. :
_bill. ;
_c23 cm.
504 _aincludes index
650 _aModern Philosophy
942 _2ddc
_cBK
_n0
999 _c1296
_d1296